[Event "Zuerich Seniors op 08th"]
[Site "Zuerich"]
[Date "2010.02.??"]
[Round "?"]
[White "Finger, Rene"]
[Black "Nydegger, Charles"]
[Result "1-0"]
[WhiteElo "1990"]
[BlackElo "1812"]
[PlyCount "55"]
[EventDate "2010.01.25"]
[EventType "swiss"]
[EventRounds "9"]
[EventCountry "SUI"]
[SourceTitle "EXT 2022"]
[Source "ChessBase"]
[SourceDate "2021.10.06"]
[SourceVersion "1"]
[SourceVersionDate "2021.10.06"]
[SourceQuality "1"]

1. f4 e5 2. fxe5 d6 3. exd6 Bxd6 4. Nf3 g5 5. d4 g4 6. Ng5 f5 7. e4 f4 8. h4 h6 9. e5 hxg5 10. exd6 Qxd6 11. Qe2+ Ne7 12. Qb5+ Nbc6 13. Qxg5 Nxd4 14. Bd3 Qe6+ 15. Kd1 g3 16. Qxf4 Qg4+ 17. Ke1 Rf8 18. Qxg4 Bxg4 19. Be3 0-0-0 20. Nc3 Kb8 21. Rf1 Nef5 22. Bg5 Rde8+ 23. Kd2 a6 24. Ne4 Rh8 25. Rf4 Bh5 26. Nf6 Re2+ 27. Bxe2 Bxe2 28. c3 1-0

[Event "Zuerich Seniors op 08th"]
[Site "Zuerich"]
[Date "2010.01.28"]
[Round "4"]
[White "Finger, Rene"]
[Black "Koch, Jost"]
[Result "0-1"]
[WhiteElo "1990"]
[BlackElo "1984"]
[PlyCount "54"]
[EventDate "2010.01.25"]
[EventType "swiss"]
[EventRounds "9"]
[EventCountry "SUI"]
[SourceTitle "EXT 2022"]
[Source "ChessBase"]
[SourceDate "2021.10.06"]
[SourceVersion "1"]
[SourceVersionDate "2021.10.06"]
[SourceQuality "1"]

1. g3 e5 2. Bg2 Nf6 3. c4 c6 4. d4 exd4 5. Qxd4 Be7 6. Nc3 0-0 7. e4 c5 8. Qd1 Nc6 9. Nge2 d6 10. 0-0 Ne5 11. b3 Rb8 12. Bb2 a6 13. Nf4 b5 14. cxb5 axb5 15. Qe2 Bd7 16. a4 bxa4 17. bxa4 c4 18. Rfd1 Bg4 19. f3 Qb6+ 20. Kf1 Qxb2 21. Ncd5 Nxd5 22. Nxd5 Bg5 23. fxg4 Qxe2+ 24. Kxe2 Rb2+ 25. Kf1 Nxg4 26. h4 Be3 27. Bh3 Nh2+ 0-1

[Event "Zuerich Seniors op 08th"]
[Site "Zuerich"]
[Date "2010.01.27"]
[Round "3"]
[White "De Marchi, Silverio"]
[Black "Finger, Rene"]
[Result "1/2-1/2"]
[WhiteElo "1925"]
[BlackElo "1990"]
[PlyCount "43"]
[EventDate "2010.01.25"]
[EventType "swiss"]
[EventRounds "9"]
[EventCountry "SUI"]
[SourceTitle "EXT 2022"]
[Source "ChessBase"]
[SourceDate "2021.10.06"]
[SourceVersion "1"]
[SourceVersionDate "2021.10.06"]
[SourceQuality "1"]

1. d4 d5 2. c4 dxc4 3. Nf3 Nf6 4. e3 Bf5 5. Bxc4 e6 6. Nc3 Nbd7 7. 0-0 Be7 8. Qe2 0-0 9. e4 Bg4 10. Rd1 Nb6 11. Bb3 c6 12. h3 Bxf3 13. Qxf3 Nbd7 14. Bf4 Qa5 15. Rac1 e5 16. Bg3 exd4 17. Rxd4 Rad8 18. Rcd1 Nc5 19. Bc2 Ne6 20. Rxd8 Rxd8 21. Rxd8+ Qxd8 22. Qd3 1/2-1/2

[Event "Thun op"]
[Site "Thun"]
[Date "2008.05.11"]
[Round "5"]
[White "Horvath, Tamas"]
[Black "Finger, Rene"]
[Result "1-0"]
[WhiteElo "2430"]
[BlackElo "2057"]
[PlyCount "45"]
[EventDate "2008.05.09"]
[EventType "swiss"]
[EventRounds "7"]
[EventCountry "SUI"]
[SourceTitle "CBM 124 Extra"]
[Source "ChessBase"]
[SourceDate "2008.07.03"]
[SourceVersion "1"]
[SourceVersionDate "2008.07.03"]
[SourceQuality "1"]

1. e4 c5 2. Nf3 e6 3. d4 cxd4 4. Nxd4 a6 5. Nc3 Qc7 6. f4 d6 7. Be3 Nd7 8. Bd3 Ngf6 9. Qf3 b5 10. a3 Bb7 11. 0-0 Be7 12. Rae1 0-0 13. Kh1 Nc5 14. Qh3 e5 15. fxe5 dxe5 16. Nf5 Nxd3 17. cxd3 Ne8 18. d4 f6 19. Rc1 Qd8 20. dxe5 fxe5 21. Rfd1 Bd6 22. Nxd6 Nxd6 23. Qe6+ 1-0